Central Library OPAC University of Rajshahi

کرنیی '' Karini / (Record no. 85333)

MARC details
000 -LEADER
fixed length control field 00530cam a2200193 i 4500
001 - CONTROL NUMBER
control field 85333
003 - CONTROL NUMBER IDENTIFIER
rucl marc code BD-RjUL
005 - DATE AND TIME OF LATEST TRANSACTION
control field 20250728094326.0
008 - FIXED-LENGTH DATA ELEMENTS--GENERAL INFORMATION
fixed length control field 250728s1956 pk a bc 000 0 urd
035 ## - SYSTEM CONTROL NUMBER
System control number (BD-RjUL) 85333
040 ## - CATALOGING SOURCE
Original cataloging agency DLC
Language of cataloging eng
Transcribing agency DLC
Description conventions rda
041 ## - LANGUAGE CODE
Language code of text/sound track or separate title eng
082 ## - DEWEY DECIMAL CLASSIFICATION NUMBER
Edition number 23
Classification number 891.4391209
Author mark and year SHK 1956
245 00 - TITLE STATEMENT
Title کرنیی '' Karini /
Statement of responsibility, etc. شفیق الرحمن ;; Shafiqur-ur-Rahman
260 ## - PUBLICATION, DISTRIBUTION, ETC. (IMPRINT)
Place of publication, distribution, etc. Lahore :
Name of publisher, distributor, etc. Maktubai Jarir ,
Date of publication, distribution, etc. 1956
300 ## - PHYSICAL DESCRIPTION
Pagination 247 pages :
Size 17 cm.
650 ## - SUBJECT ADDED ENTRY--TOPICAL TERM
Topical term or geographic name as entry element Urdu literature
942 ## - ADDED ENTRY ELEMENTS (KOHA)
Source of classification or shelving scheme Dewey Decimal Classification
Koha item type Books
Holdings
Lost status Source of classification or shelving scheme Damaged status Not for loan Collection code Permanent Location Current Location Shelving location Date acquired Total Checkouts Full call number Date last seen Copy number Koha item type
  Dewey Decimal Classification   Not For Loan Non-fiction Central Library, University of Rajshahi Central Library, University of Rajshahi Reading Room 28/07/2025   U 891.4391209 SHK 1956 28/07/2025 C-1 Books